00773nam a22002177a 450000500170000001000150001702000270003203500130005903700130007208200170008510000260010224501180012826000390024627000780028530000270036350000510039065000420044165000280048365000190051165000250053020160527120617.0 aENG-115200 a9789351503026 c695.00 aEN-98732 bDBAD/PUB00a796.09542231 aBandyopadhyay, Kausik10aSport, culture and nation :bperspectives from Indian football and South Asian cricket /cby Kausik Bandyopadhyay aNew DelhibSAGE Publicationsc2015 aB1/I-1 Mohan Cooperative Industrial Area, Mathura RoadbNew Delhie110044 axxvii, 212p.c23cm(Hb) aIncludes bibliographical references and index. 0aSportsxSocial aspectsvCase studies. 0aNationalism and sports. 0aSoccerzIndia. 0aCricketzSouth Asia.